Compendio de la historia general de México (Record no. 6315)

MARC details
000 -CABECERA
campo de control de longitud fija 00559nam a2200205 a 4500
001 - NÚMERO DE CONTROL
campo de control BRCA_6631
005 - FECHA Y HORA DE LA ÚLTIMA TRANSACCIÓN
campo de control 20190320205533.0
008 - DATOS DE LONGITUD FIJA--INFORMACIÓN GENERAL
campo de control de longitud fija 101011s1912----mx-a######---#000-0#spa-#
041 ## - CÓDIGO DE LENGUA
Código de lengua del texto/banda sonora o título independiente spa
044 ## - CÓDIGO DEL PAÍS DE LA ENTIDAD EDITORA/PRODUCTORA
Código MARC del país mx
050 #4 - SIGNATURA TOPOGRÁFICA DE LA BIBLIOTECA DEL CONGRESO
Número de clasificación F1226
Número de documento/Ítem .Z37 1912
100 1# - ENTRADA PRINCIPAL--NOMBRE DE PERSONA
Nombre de persona Zárate, Julio
Fechas asociadas al nombre 1844-1917
9 (RLIN) 16610
245 10 - MENCIÓN DE TÍTULO
Título Compendio de la historia general de México
Mención de responsabilidad, etc. Julio Zárate.
260 ## - PUBLICACIÓN, DISTRIBUCIÓN, ETC.
Lugar de publicación, distribución, etc. París, México
Nombre del editor, distribuidor, etc. Librería de la Viuda de Ch. Bouret
Fecha de publicación, distribución, etc. 1912
300 ## - DESCRIPCIÓN FÍSICA
Extensión 323 p.
Otras características físicas il.
Dimensiones 18 cm.
500 ## - NOTA GENERAL
Nota general L122
650 14 - PUNTO DE ACCESO ADICIONAL DE MATERIA--TÉRMINO DE MATERIA
Término de materia o nombre geográfico como elemento de entrada México
9 (RLIN) 4504
902 ## - CATALOGADOR
Iniciales GFM
942 ## - ELEMENTOS DE PUNTO DE ACCESO ADICIONAL (KOHA)
Fuente del sistema de clasificación o colocación Library of Congress Classification
Tipo de ítem Koha Libros
Holdings
Estado de retiro Estado de pérdida Estado dañado No para préstamo Localización permanente Ubicación/localización actual Fecha de adquisición Número de inventario Total de préstamos Signatura topográfica completa Código de barras Fecha visto por última vez Precio válido a partir de Tipo de ítem Koha
El ejemplar forma parte de la colección y puede ser consultado según las políticas vigentes.       Biblioteca del Museo Franz Mayer (Rogerio Casas-Alatriste) Biblioteca del Museo Franz Mayer (Rogerio Casas-Alatriste) 10/10/2011 L122   F1226 .Z37 1912 (L122) 7079 22/03/2019 22/03/2019 Libros